| 000 | 00764cam a2200265 4500 | ||
|---|---|---|---|
| 001 | ABS61901 | ||
| 008 | 000000n2000 000 0 eng u | ||
| 035 | _a(Sirsi) u104417 | ||
| 100 | _aBrigden, D. | ||
| 245 | _aLong term pain ... | ||
| 260 | _c2000 | ||
| 490 |
_aSolicitors' Journal _v144(5) 11 February 2000 124(1) |
||
| 520 | _aAssesses the impact of new proposals for the capitalisation of operating leases. | ||
| 590 | _aABS | ||
| 650 | _aCOMMERCIAL LEASES | ||
| 650 | _aOPERATING LEASES | ||
| 650 | _aLONG LEASES | ||
| 650 | _aACCOUNTING STANDARDS | ||
| 650 | _aACCOUNTING STANDARDS BOARD | ||
| 650 | _aCAPITALISATION | ||
| 650 | _aBPF | ||
| 650 | _aINVESTMENT PROPERTY DATABANK | ||
| 690 | _aPROPERTY-COMMERCIAL PROPERTY | ||
| 942 | _n0 | ||
| 999 |
_c62644 _d62644 |
||